000
00263nam a2200097Ia 4500
008
170620s9999 xx 000 0 und d
100
_a
Sikarvaar- Mukta
245
0
_a
Bartmaan BHaritiya Samaj aur Prarambhik Shiksha
260
_b
R.S A. International- Agara-2
260
_c
2014
300
_a
352
999
_c
28089
_d
28089